| 000 | 00843nam a22001937a 4500 | ||
|---|---|---|---|
| 999 |
_c13967 _d13967 |
||
| 003 | AR-CdUCM | ||
| 008 | 190417b ||||| |||| 00| 0 spa d | ||
| 040 |
_aMUNICIPALIDAD PROVINCIAL DEL CUSCO _cBIBLIOTECA MUNICIPAL DEL CUSCO |
||
| 082 |
_a946.081 / _bC87 / 1966 |
||
| 245 |
_aCrónica de la guerra española : _bno apta para irreconciliables / |
||
| 260 |
_aBuenos Aires : _bEditorial Codex, _c1966. |
||
| 300 |
_a5 tomos ; _bFotografías, _c28 cm. |
||
| 505 | _aContenido: t.1: Antecedentes - El alzamiento -- t.2: El choque de las columnas -- t.3: La lucha en torno a Madrid -- t.4: Dos ejercicios a la ofensiva -- t.5: Los últimos esfuerzos - Enero 1938 - Marzo 1939. | ||
| 650 |
_aGuerra española _932611 |
||
| 650 |
_aAntecedentes _932612 |
||
| 650 |
_aCrónicas de guerra _932613 |
||
| 942 |
_2ddc _cLIBROS |
||
| 945 |
_adavv _d17/04/2019 |
||